The best of both worlds (Hannah Montana) - lyrics - Statistics

General Stats
  • This quiz has been taken 76 times
  • The average score is 260 of 324
Answer Stats
Answer % Correct
You
100%
you
100%
the
98%
The
98%
get
97%
be
95%
best
95%
Best
95%
both
95%
of
95%
Who
95%
a
92%
it
92%
show
92%
limo
90%
out
90%
rock
90%
worlds
90%
ever
87%
front
87%
Then
87%
every
85%
yeah
85%
Yeah
85%
fun
84%
slow
84%
color
82%
It's
82%
it's
82%
shoe,
82%
take
82%
to
82%
on
80%
that
80%
when
80%
all
79%
kinda
79%
know
79%
no
77%
your
77%
and
75%
but
75%
But
75%
go
75%
Mix
75%
one
75%
together
75%
can
74%
girl
74%
Oh
72%
you're
72%
famous
70%
styles,
70%
Chill
69%
discovers
69%
like
69%
me
69%
really
69%
Come
66%
would
62%
got
59%
so
59%
superstar
59%
thought
59%
Hottest
57%
star
57%
stage
54%
as
52%
friends
52%
Hear
52%
In
49%
in
49%
(Is
49%
is
49%
radio
49%
would've
49%
double
48%
just
48%
little
48%
movie
48%
songs
48%
cause
46%
cool
44%
guitar
43%
knows
43%
play
43%
small
43%
town
43%
Living
41%
nobody
41%
time
41%
weird
41%
big
39%
premieres
39%
school's
39%
lives
38%
two
38%
part
34%
Bloom?)
33%
magazines
33%
Orlando
33%
hair,
31%
some
31%
wanna
31%
whoever
30%
face
28%
ways
28%
shades
26%
girls
25%
anywhere
23%
better
23%
that's
23%
Pictures
21%
autographs
20%
much
20%
Without
18%
No matching quizzes found
Score Distribution
Percent of People with Each Score
Percentile by Number Answered
Your Score History
You have not taken this quiz